00832cam a2200253 a 4500001000500000005001700005020001800022040002300040050001900063082001000082100003800092245004200130260003900172300004800211490003300259505000800292520012900300521002000429521002000449650004100469650002400510650001900534650002500553388620240801104949.0 a9780448428703 aDLCcDLCdDLCbeng00aPZ7.D439b200200a813.61 aDePaola, Tomied1934-2020eauthor10aT-rex is missing! /cby Tomie dePaola aNew York :bPenguin Group ;c2002  a32 pages : bcolor illustrations ;c24 cm. a The Barker Twins vLevel 2  aG  aMorgie accuses his best friend of taking his favorite dinosaur toy without asking, and then he finds that he must apologize. a400 bLexile  aG bRaz-Plus  1aLost and found possessionsvFiction. 1aDinosaursvFiction. 1aToysvFiction. 1aFriendshipvFiction.